000 00494nam a22001937a 4500
999 _c3306
_d3306
003 Ost
005 20190808094507.0
008 190808b ||||| |||| 00| 0 eng d
020 _a9788120335691
040 _cBT-PhCST
050 _a13881-13883
082 _222
_a681.2
_bMUR
100 _aMurty, D. V. S.
245 _aTransducers and instrumentation /
250 _a2nd ed.
260 _aNew Delhi :
_bPrentice Hall,
_cc2010.
300 _axx,723 p. :
_bill. ;
_c24 cm.
942 _2ddc
_cEE
_01